| 000 | 00573 a2200229 4500 | ||
|---|---|---|---|
| 005 | 20260415141150.0 | ||
| 008 | 260415b |||||||| |||| 00| 0 eng d | ||
| 020 |
_a9780367279370 _c£ 91.99 |
||
| 040 | _aMAIN | ||
| 082 |
_a571.74 _bL629C(2) |
||
| 100 | _aLim, Wendell A | ||
| 245 | _aCell signaling: Principles and mechanisms | ||
| 250 | _a2nd | ||
| 260 |
_bCRC Press _c2025 _aLondon |
||
| 300 | _axxi, 441 | ||
| 650 | _aLife Science | ||
| 650 | _aBiology | ||
| 650 | _aPhysiology | ||
| 650 | _aCellular Physiology | ||
| 700 | _aMayer, Bruce J | ||
| 942 | _cBK | ||
| 999 |
_c395102 _d395102 |
||